Krok do tmy /
Když oblíbeného strážníka z Kilmarnocku ubijí v jeho vlastním domě k smrti, všechno nejdřív nasvědčuje tomu, že šlo o loupež, která se zvrtla. Jenže když ve službě přijde o život jeho kolega, je jasné, že jde o něco mnohem zlověstnějšího: někdo záměrně vraždí policisty.Inspektorka Heather Filsonová,...
Uloženo v:
| Série: | Heather Filsonová,
část 2 |
|---|---|
| Hlavní autor: | |
| Médium: | E-kniha |
| Jazyk: | Czech |
| Vydáno: |
Praha :
DOBROVSKÝ s.r.o.,
2026
|
| Příbuzné jednotky: | Z cyklu::
Heather Filsonová |
| Tagy: |
Žádné tagy |
| LEADER | 01742nam a22002417i 4500 | ||
|---|---|---|---|
| 001 | 312918 | ||
| 007 | ta | ||
| 008 | 260601s2026 xr ||||| |||| 00| 0 cze d | ||
| 020 | |a 9788027760442 | ||
| 044 | |a xr | ||
| 100 | 1 | |a Kirk, J. D. |4 aut | |
| 245 | 1 | 0 | |a Krok do tmy / |c Kirk, J. D. |
| 264 | 1 | |a Praha : |b DOBROVSKÝ s.r.o., |c 2026 | |
| 300 | |a 1 online zdroj (312 stran) | ||
| 336 | |a text |b txt |2 rdacontent | ||
| 337 | |a bez média |b n |2 rdamedia | ||
| 338 | |a online zdroj |b cr |2 rdacarrier | ||
| 520 | 2 | |a Když oblíbeného strážníka z Kilmarnocku ubijí v jeho vlastním domě k smrti, všechno nejdřív nasvědčuje tomu, že šlo o loupež, která se zvrtla. Jenže když ve službě přijde o život jeho kolega, je jasné, že jde o něco mnohem zlověstnějšího: někdo záměrně vraždí policisty.Inspektorka Heather Filsonová, které ztrpčuje život nová nesnesitelná kolegyně a puberťačka posedlá skutečnými zločiny, musí brutálního vraha vypátrat dřív, než napětí mezi policií a veřejností skončí katastrofou. V Glasgow už totiž propukly nepokoje a pouliční rvačky, a nestačí jen chytit vraha – je třeba zabránit tomu, aby v největším skotském městě zavládlo násilí. | |
| 787 | 0 | 8 | |g 2 |i Z cyklu: |t Heather Filsonová |
| 910 | |a RBIT002 | ||
| 998 | |d 425067 |a https://core.palmknihy.cz/api/books/425067/cover?tawi25 |b https://core.palmknihy.cz/api/books/425067/cover/400?tawi25 |c https://core.palmknihy.cz/api/books/425067/cover/50?tawi25 |e 2030-09-11 |g 312 |i 9788027760442 |j https://core.palmknihy.cz/api/books/425067/preview.epub |k https://core.palmknihy.cz/api/books/425067/preview.pdf |l |q 49 |r 1 |s https://www.palmknihy.cz/kniha/425067 |t ebook |y 2026 |z 1 |v Heather Filsonová |w 2 | ||
| 999 | |d 312916 | ||